000 00873cam a2200241 a 4500
001 4000601
005 20241217133255.0
008 961118s1997 enk b 001 0 eng
020 _a0521591821 (alk. paper)
020 _a0521598257 (pbk. : alk. paper)
050 0 0 _aP222
_b.C78 1997
082 0 0 _a414/.6
_221
100 1 _aCruttenden, Alan,
_d1936-
245 1 0 _aIntonation /
_cAlan Cruttenden.
250 _a2nd ed.
260 _aCambridge [U.K.] ;
_aNew York, NY, USA :
_bCambridge University Press,
_c1997.
300 _axvi, 201 p. ;
_c24 cm. +
_e1 sound cassette (analog)
440 0 _aCambridge textbooks in linguistics
650 0 _aIntonation (Phonetics)
856 4 1 _3Table of contents
_uhttp://www.loc.gov/catdir/toc/cam023/96049140.html
856 4 2 _3Publisher description
_uhttp://www.loc.gov/catdir/description/cam028/96049140.html
942 _2lcc
_cBK
_n0
999 _c2405
_d2405